000 00884nam a2200265 i 4500
001 7073
003 KOSZ 005
005 20200805121430.0
008 070827s1969 pl a f 000 0 pol
015 _aPB 1969/4248
040 _aWA N
_cKOSZ 005/RW
_dKOSZ 005/RW
080 _a621.38
100 1 _aKorzec, Zdzisław
_d(1929- )
_eAutor
245 1 0 _aTranzystory polowe /
_cZdzisław Korzec.
260 _aWarszawa :
_bWydawnictwa Naukowo-Techniczne,
_c1969.
300 _a159, [1] s. :
_bil. ;
_c24 cm.
380 _aKsiążki
490 1 _aNowa Technika ;
_vz. 79.
504 _aBibliogr. s. 156-[160].
650 4 _aTranzystory
710 2 _aWydawnictwa Naukowo-Techniczne
_4pbl.
830 0 _aNT Nowa Technika
_vz. 79.
856 _uhttp://koha.tu.koszalin.pl/cgi-bin/koha/opac-detail.pl?biblionumber=7073
_yKatalog online BPK
942 _2UKD
_cKS
999 _c7073
_d7073